Nommez les plus beaux pays du monde - Statistiques

Statistiques générales
  • Ce quiz a été pris 99 fois
  • Le résultat moyen est 2 sur 10
Statistiques - réponses
Hint Réponse % Correct
I Indonésie
48%
C Canada
36%
I Islande
33%
G Grèce
32%
T Thaïlande
26%
M Maldives
24%
P Pérou
23%
C Croatie
11%
S Sri Lanka
6%
M Malte
1%
Aucun quiz correspondant
Distribution des résultats
% des personnes avec chaque résultat
Percentile par nombre de réponses
Votre historique - résultats
Vous n’avez pas pris ce quiz